MDQL
is popping MORE tags! Check the
thread
!
Quizzes
Events
Quiz Creation
Community
Videos
Private Events
Remove Ads
Sign In
Join for FREE
Feedback
Dark Mode
Quiz Categories
Sports
Geography
Music
Movies
Television
Just For Fun
Miscellaneous
History
Literature
Language
Science
Gaming
Entertainment
Religion
Holiday
For Kids
Quiz Lab
Recent
Popular Today
Quiz Kudos Today
Editor Picks
Curator Picks
Quizzes by...
Day
Popularity
Type
Ratings
Length
Year
Community
Subscriptions
Recent Discussions
Orange Saloon
Badges
Playlists
Quests
Create
Leaderboards
Showdown
Live 5
Trivia Bingo
Activity
Puzzle Library
Sporcle Events
Private Events
Virtual Trivia
Globe League
Become a Host
Pub Owners
SporcleCon
Opinionation
Our Games
Videos
Blog
Mobile Apps
Partnerships
Remove Ads and Go Orange
Feedback
Television
TV Characters
TV Show
Sitcom
Network
Friends
Reality Shows
Cast
South Park
Star Trek
The Simpsons
Doctor Who
Television
TV Characters
TV Show
Sitcom
Network
Friends
Reality Shows
Cast
South Park
Star Trek
The Simpsons
Doctor Who
Random Quiz
Search Sporcle
×
Quiz Lab
Quiz Lab
Television
Actor
Type in answers that appear in a list
Type in answers that appear in a list
Classic
Best Score? Go Orange.
The Extended Camden Family Stats
Can you name the characters that have appeared on 7th Heaven?
By
shanz818
20m
110 Questions
2,056 Plays
2,056 Plays
2,056 Plays
Comments
Comments
Give Quiz Kudos
Give Quiz Kudos
-
- Ratings
hide this ad
More Info
Replay
Link that replays current quiz
Next Quiz
Link to next quiz in quiz playlist
You Got
0%
They Got
Avg Score
52%
Avg Friend Score
Upgrade to see
Score Distribution
Jump to the score distribution portion of the page
Score
0/110
Timer
20:00
0
Plays Today
Actor
Character
% Correct
Stephen Collins
Eric Camden
93.4%
Catherine Hicks
Annie Camden
93.1%
Barry Watson
Matt Camden
92.8%
Lorenzo Brino
Sam Camden
91.6%
Beverley Mitchell
Lucy (Camden) Kinkirk
91.6%
Barbara Rush
Grandma Ruth Camden
91.5%
David Gallagher
Simon Camden
91.5%
Nikolas Brino
David Camden
91.4%
Mackenzie Rosman
Ruthie Camden
90.5%
Jessica Biel
Mary (Camden) Rivera
90.4%
George Stults
Kevin Kinkirk
86.1%
Tyler Hoechlin
Martin Brewer
81.6%
Geoff Stults
Ben Kinkirk
81.1%
Sarah Daniella Madison
Sarah (Glass) Camden
80.4%
Peter Graves
'The Colonel' John Camden
79.2%
Adam LaVorgna
Robbie Palmer
75.4%
Andrea Ferrell
Heather Cain
75.2%
Andrew Keegan
Wilson West
73.6%
Chaz Lamar Shepherd
John Hamilton
72.4%
Jeremy London
Chandler Hampton
72%
Scotty Leavenworth
Peter Petrowski
71.3%
Haylie Duff
Sandy Jameson
71%
Matthew Linville
Jimmy Moon
70.7%
Happy
Happy
70.5%
Carlos Ponce
Carlos Rivera
70.1%
Deborah Raffin
Julie (Camden) Hastings
68.8%
Bryan Callen
George 'Vic' Vickery
67.4%
Sarah Thompson
Rose Taylor
66.4%
Rachel Blanchard
Roxanne Richardson
66.2%
Ed Begley Jr.
Hank Hastings
64.6%
Brad Maule
George Smith
64.4%
Eileen Brennan
Gladys Bink
64.1%
Sam Saletta
George (Grayson) Camden
63.7%
Ashlee Simpson
Cecilia Smith
62.2%
Alyssa & Hannah Yadrick
Savannah Kinkirk
61.8%
Beverly Garland
Ginger Jackson
60.1%
Graham Jarvis
Charles Jackson
58.6%
Actor
Character
% Correct
Costas Mandylor
Bill Brewer
57.8%
Richard Lewis
Richard Glass
55.2%
David Netter
Nigel Hamilton
55.1%
Nicole Cherie
Deena Stewart
54.7%
Colton James
T-Bone
54.6%
Alice Hirson
Jenny Jackson
54.5%
Dorian Harewood
Morgan Hamilton
54.3%
Maureen Flannigan
Shana Sullivan
53.3%
Casey & Dylan Boersma/
Mike Weinberg
Billy (Wilson Jr.) West
53.2%
Wade Carpenter
Jordan Johansen
53%
Alan Fudge
Lou Dalton
52.8%
Toran Caudell
Rod
52.8%
Don Jeffcoat
Michael Towner
51.8%
Olivia Brown
Patricia Hamilton
51.8%
Shannon Kenny
Paris Petrowski
51.7%
Camille Winbush
Lynn Hamilton
51.5%
Gabrielle Union
Keesha Hamilton
50.3%
Christopher Michaels
Captain Michaels
49.1%
Yunoka Doyle
Cheryl
48.9%
Barret Swatek
Cheryl
48.9%
David Lago
Jeremy
47.6%
Laraine Newman
Rosina Glass
47.5%
Kyle Searles
Mac
47.5%
Mila Kunis
Ashley
47.3%
Jeremy Lelliot
Mike Pierce
46.9%
Edie McClurg
Mrs. Beeker
46.6%
Sarah Wright
Jane
46.4%
Will Estes
Andrew Nayloss
46.2%
Megan Henning
Meredith Davies
46%
Chyler Leigh
Frankie
45.6%
Joy Enriquez
Joy Reyes
45.4%
Rheagan Wallace
Georgia Huffington
45.2%
Meg Wittner
Donna Cain
44.9%
Nathan West
Johnny
44.6%
Peg Phillips
Mrs. Hinkle
43.5%
Bo Derek
Mrs. Kinkirk
43.1%
Alicia Leigh Willis
Corey Conway
43%
Actor
Character
% Correct
Ryan Bittle
Jeff
42.6%
Thomas Dekker
Vincent
42.2%
Andrea Morris
Margaret
40.9%
Fidel Gomez
Umberto 'Bert' Lanzo
38.5%
Alyssa Spradley
Kelly Davies
38.4%
Garrett Strommen
Jack
38.2%
Julie Berman
Shelby Connor
38%
Michelle Phillips
Lily Jackson
37.9%
Oliver Adams
Jake Davis
35.3%
Kirsten Storms
Laura Cummings
34.5%
David Piel
Dr. Bob Gibson
33.9%
Kurt Rambis
Coach Jason Cleary
33.9%
Kevin Dunn
Coach Terry Hardwick
33.7%
Katie Cassidy
Zoe
33.6%
Ron Zimmerman
Doc
33.5%
Sami Simkin
Sasha Simpson
33.4%
Andrea Pearson
Priscilla Carter
32.1%
Drake Johnston
Danny Davies
31.9%
Lauren Storm
Christina Davies
31.7%
Terry Hart
Mr. Stewart
30.9%
Michael McDonald
Edward Jameson
30.9%
Aaron Staton
Daniel
30.1%
Nancy Lee Grahn
Principal Russell
29.8%
Ray Bengston
Mr. Nayloss
29.7%
Jane A. Rogers
Serena
29.3%
Nick Zano
Johnathan Sanders
29.1%
Randa Sabbah
Jill Dupree
27.9%
Brenda Strong
Carmen Mackoul
27.6%
Dwight P. Ketchum
Morris
26.9%
Mandy Freund
Lisa Lunby
26.6%
James Henrie
Jeffrey Turner
26.3%
Michael Canavan
Steve
26.2%
Kelly McNair
Maggie
25.8%
Kimberly Scott
Greta
25.3%
Keith Mackechnie
Dr. Peterson
25%
Gelcys Basulto
Karen
18.5%
Quiz Playlist
Details
Report
Send in Message
Add To Playlist
More Info:
Characters that are included have been in at least 3 episodes throughout the 11 seasons of 7th Heaven
Classic:
Type in answers that appear in a list
Last Updated: Oct 15, 2018
Quiz Scoreboard
CHALLENGE
Sign Up to Join the Scoreboard
Show All
Scores
Hide
Comments
May contain spoilers
Recently Published
Colored Red Africa Blitz
by spor1
Geography
30s
Find the 'City' Movie
by crazypaving
Movies
60s
5x2 Blitz: Bands
by SL_Kpop136
Music
30s
More to Explore
Quiz From the Vault
Featured Blog Post
14 Easter Pick-up Lines to Find Eggs With
hide this ad
You Might Also Like...
Tags
Actor Quiz
7th
7th Heaven
camden
Character
Extended
Family
Heaven
season
Today's Top Quizzes in Television
Browse Television
hide this ad
Today's Top Quizzes in Actor
Browse Actor
Top Contributed Quizzes in Television
1
Survivor Journey Challenge
2
Brooklyn Nine Nine Logic Puzzle (How-To-Play)
3
Phoebe Buffay Quotes
4
Survivor Trivia
5
Survivor Logic Puzzle: Heroes vs. Villains
6
One Tree Hill Logic Puzzle
7
Survivor Heroes vs. Villains Logic Puzzle
8
All US Survivor Seasons in Order
9
Game of Thrones: Tywin Lannister Start to Finish
10
Emmerdale Characters (from August 2012)
Explore More
Trending Topics
Anime
Marvel
Disney
Kpop
Crossword
Harry Potter
NBA
Puzzle
NFL
Country
Soccer
Pokémon
Song
The Office
WWE
hide this ad
More By:
shanz818
Quiz
Plays
Rating
Category
Featured
Created
Grey's Anatomy Quotes
27,453
4.53
Television
Oct 5, 2009
Olsen Twins Movies
5,011
3.88
Movies
Sep 24, 2009
The Camden Family
2,657
4.29
Television
Sep 30, 2009
Amusement Parks (North America)
2,361
2.88
Miscellaneous
Sep 26, 2009
Newsies Quotes
2,272
4.58
Movies
Nov 24, 2009
Go to Creator's Profile
Score Distribution
Quiz Creator Spotlight
shanz818
Follow
Send a Message
Quizzes Created
-
Created Quiz Play Count
-
More By This Creator
Popular Quizzes Today
1
Colored Red Africa Blitz
2
Find the 'City' Movie
3
Find the US States - No Outlines Minefield
4
5x2 Blitz: Bands
5
The Countries of the World
6
Find the US States
7
US States
8
9x9 Crossword: Cartoon Network
More Television Quizzes
Funny TV Fathers
Published
Trending Quizzes
Colored Red Europe Blitz I
Colored Red Europe Blitz II
Colored Red Africa Blitz II
Colored Red Africa Blitz III
Colored Red Europe Blitz III
Recently Updated
Grab Bag: 4-10 Letters
pecheneg
2024 March Madness Bracket
pecheneg
Famous TV Couples
Peacemaker
Champions League XIs: Real Madrid
pecheneg
Largest US Cities 1790-2010
pecheneg
Rides in Walt Disney World
pecheneg
Most Oscar Losses (Acting)
pecheneg
Beyoncé Albums
pecheneg
Leaping Animals
pecheneg
Reality TV Shows (A-Z)
bhenderson79
Trending Topics
Marvel
Kpop
Crossword
Anime
NBA
Harry Potter
Disney
Soccer
Song
Puzzle
Pokémon
NFL
Country
WWE
The Office
Your Account Isn't Verified!
In order to create a playlist on Sporcle, you need to verify the email address you used during registration. Go to your
Sporcle Settings
to finish the process.
Report this User
Report this user for behavior that violates our
Community Guidelines
.
Details:
Send Report
Go to the Sporcle.com Mobile Site →
Comments